000 01078naa a2200301 c 4500
001 40035
003 ES-MaCES
005 20150929124735.0
008 100322n2010 fr d t 000 | fre d
035 _aCES20100003733v
040 _aES-MaCES
_bspa
_cES-MaCES
100 1 _aCheccaglini, Agnès
_99545
245 1 4 _aLes entreprises forment moins quand la conjoncture se dégrade
_cAgnès Checcaglini et Isabelle Marion-Vernoux
650 4 _aFrancia
_926943
650 4 _adatos estadísticos
_930765
650 4 _acoordinación de políticas de formación
_929975
650 4 _afinanciación
_928125
650 4 _aproducto interior bruto
_929369
650 4 _acrecimiento económico
_927094
653 1 0 _aCondiciones económicas
650 4 _928178
_aempresa
650 4 _930761
_asector financiero
700 1 _aMarion-Vernoux, Isabelle
_917577
773 0 _tPartage
_gnº 208 (janv.-févr. 2010){10427 R. 076219}; p. 26-28
_w(ES-MaCES)25436
_957674
902 _aART Artículo de revista
942 _2CES
_cAR
_h0.0.
999 _c40035
_d40035